Statystyki dla Fortnite pro gracze i ich pierwsze drużyny

Kliknij tutaj aby rozwiązać quiz!

Ogólne statystyki

  • Ten quiz został rozwiązany 22 razy
  • Średni wynik to 16 z 45

Statystyki odpowiedzi

HintOdpowiedź% Poprawnych
team:TCE(2020)Kami
75%
team:Rysix Gaming(2019-2020)Kubx
75%
team:Dynamind ACADEMY(2019)artor
65%
team: Spekter (2021)Pkr
60%
team: Grom.f1rst(2018-19)advise
55%
team: Dynamind (2019)Crusti
50%
team: Alsen(2018-2020)IceFire
50%
team: Soolit(2022-????)Kombek
50%
team:DV1(2019-2020)Luki
50%
team:Destroy (2018-2019)Qln
50%
Team:On Fire(2017-2018)3vil
45%
team: PSQ (2021)Devon
45%
team:Vertex(2020)Kefyy
45%
team: 300 spartans(2019)rejek
45%
team:Vex.esport(2018)Setty
45%
team:On fire red(2018)Teeq
45%
team:Kingiun Orange(2018)Hycel
40%
team :Luminox Esports(2021)Młody
40%
team:Spartans(2019)Packo
40%
eam:Vex.esport(2018-2019)Jarkos
35%
team: District Region(2020)Krejz
35%
team: Grom.f1rst(2018)Rakso
35%
Team: Gankstars(2018)Taiovsky
35%
TEAM: Dynamind(2018-19)Zeek
35%
Team: Impave (2020)Blacha
30%
team: Destroy(2018)Hoopek
30%
team: Kinguin Orange(2018-2019)Nero
30%
team: Team Panica(2021)Sneake
30%
team: Impave Gaming(2020)TuNa
30%
team:ON Fire (2017-2018)Daav
25%
team: Impave Gaming(2020)Rellvis
25%
team:Dynamind(2018)Richart
25%
team: Dynamind(2019-2020)Snoozlooz
25%
team: Bravely (2021)Japko
20%
team: On Fire(2017-2018)Livestarrr
20%
Team: inHarmony (2018)Maciuś
20%
team: Impave Gaming(2021)Mikson
20%
team: ⁠Impave Gaming(2020-2021)Raxi
20%
team: Alsen(2019)Smiley
20%
team: Destroy (2018)V1ns
20%
Team: Pride(2018)Arokiz
15%
Team: Invizy(2018)Mocarzz
15%
team: Xypher EsportsNexxs
15%
Team: Spectators EU(2020)C1suu
10%
team:AGO(2018)Povity
10%

Rozkład punktacji

Percentyl według liczby udzielonych odpowiedzi

Procent ludzi z każdym wynikiem

Twoja historia wyników

Nie rozwiązałeś tego quizu